=LDR 00000nam 2200000 4500 =001 INLIS000000001052537 =005 20240906075212 =035 ##$$a 0010-0924000076 =007 ta =008 240906################a##########j###### =020 ##$$a 978-89-6509-234-6 =082 ##$$a 028.55 =084 ##$$a 028.55 WON m =100 #$$a Won Won-soon =245 1#$$a Murai /$c Won Won-soon =260 ##$$a Gyeonggi-do :$b Tongkeun World,$c 2011 =300 ##$$a 27 hlm. : $b ilus. ; $c 22 cm =650 #4$$a Bacaan kanak-kanak =990 ##$$a 19321932